Riadenie a kontrola financovania verejných potrieb z fondov Európskej únie dizertačná práca

Na minha lista:
Detalhes bibliográficos
Autor principal: Čiernik, Anton
Autor Corporativo: Ekonomická univerzita v Bratislave. Národohospodárska fakulta
Outros Autores: Majcher, Milan
Formato: Livro
Idioma:eslovaco
Publicado em: Bratislava 2006
Assuntos:
Tags: Adicionar Tag
Sem tags, seja o primeiro a adicionar uma tag!

MARC

LEADER 00000nam$a2200000$$$4500
001 0070577
005 20230227083154.4
041 0 |a slo 
044 |a SK 
245 1 0 |a Riadenie a kontrola financovania verejných potrieb z fondov Európskej únie  |b dizertačná práca  |c Anton Čiernik ; škol. Milan Majcher 
264 1 |a Bratislava  |c 2006 
300 |a 142 s. 
610 2 0 |a Slovensko 
610 2 0 |a pomoc finančná 
610 2 0 |a financovanie nenávratné 
610 2 0 |a kontrola finančná 
610 2 0 |a Európska únia 
100 1 |a Čiernik, Anton 
700 1 |a Majcher, Milan 
710 2 |a Ekonomická univerzita v Bratislave. Národohospodárska fakulta